00673nam a22002057a 4500010001100000035001100011037001800022040001200040082001600052100002600068245006100094260004300155270004600198300003200244650001300276650002000289942002500309999001900334952011400353 a739539 a739539 bCen Lib / Ret aDPLbEN a230.35bRAN aSwami Ranganathananda aA pilgrim looks at the world /cby Swami Ranganathananda aBombay bBharatiya Vidya Bhavan c1974 a505, Tardeo Arthur Road, bBombaye400034 a(v 1. xii, 571p) b24cm(Hb) aReligion aHindu religions 2ddccENh230.35mRAN c136639d136639 00103v 14070aLbLd2016-03-07eCen Lib/Retl0o230.35 RANp739539r2016-03-07 00:00:00t1w2016-03-07yEN